Histoire de l'Economie Politique en Italie (Record no. 161602)
[ view plain ]
| 000 -LEADER | |
|---|---|
| campo de control de longitud fija | 00693nam a2200169 i 4500 |
| 001 - NÚMERO DE CONTROL | |
| campo de control | 161602 |
| 003 - IDENTIFICADOR DE NÚMERO DE CONTROL | |
| campo de control | ES-MaACL |
| 005 - FECHA Y HORA DE LA ÚLTIMA TRANSACCIÓN | |
| campo de control | 20250822063217.0 |
| 008 - DATOS DE LONGITUD FIJA--INFORMACIÓN GENERAL | |
| campo de control de longitud fija | 931025s1830 fr a |||| | fre d |
| 100 1# - ENTRADA PRINCIPAL--NOMBRE DE PERSONA | |
| Nombre de persona | Pecchio, Joseph, |
| Títulos y otros términos asociados al nombre | Comte |
| 9 (RLIN) | 130927 |
| 245 10 - MENCIÓN DEL TÍTULO | |
| Título | Histoire de l'Economie Politique en Italie |
| Resto del título | : ou abregé critique des économistes italiens ; precedee d'une introduction / |
| Mención de responsabilidad, etc. | par le Comte Joseph Pecchio ; traduit de l'italien par M. Léonard Gallois. |
| 260 ## - PUBLICACIÓN, DISTRIBUCIÓN, ETC. | |
| Lugar de publicación, distribución, etc. | Paris : |
| Nombre del editor, distribuidor, etc. | A. Levavasseur, libraire, |
| Fecha de publicación, distribución, etc. | 1830 ( |
| Fabricante | Imp. de David) |
| 300 ## - DESCRIPCIÓN FÍSICA | |
| Extensión | VIII, 424 p. ; |
| Dimensiones | 22 cm. |
| 700 1# - ENTRADA AGREGADA--NOMBRE PERSONAL | |
| Nombre de persona | Gallois, Leonard. |
| 9 (RLIN) | 53642 |
| 852 ## - LOCALIZACIÓN | |
| Ubicación | ES-MaACL |
| Número de control de estantería | C-3353 |
| Nota libre | -- Enc. hol. |
| Estatus retirado | Estado de pérdida | Estado de daño | No para préstamo | Colección | Biblioteca de origen | Biblioteca actual | Ubicación en estantería | Fecha de adquisición | Fuente de adquisición | Total de préstamos | Signatura topográfica completa | Código de barras | Visto por última vez | Precio de reemplazo | Tipo de ítem Koha |
|---|---|---|---|---|---|---|---|---|---|---|---|---|---|---|---|
| Libros del s. XIX | Biblioteca del Ateneo de Madrid | Biblioteca del Ateneo de Madrid | Sala Palomar | 17/01/2008 | C-3353 | 1169277 | 23/02/2023 | 23/02/2023 | Libro impreso antiguo |
